<?xml version="1.0" encoding="UTF-8"?>
<record
    xmlns:xsi="http://www.w3.org/2001/XMLSchema-instance"
    xsi:schemaLocation="http://www.loc.gov/MARC21/slim http://www.loc.gov/standards/marcxml/schema/MARC21slim.xsd"
    xmlns="http://www.loc.gov/MARC21/slim">

  <leader>01038    a2200157   4500</leader>
  <controlfield tag="003">Nust</controlfield>
  <controlfield tag="005">20221124131715.0</controlfield>
  <datafield tag="040" ind1=" " ind2=" ">
    <subfield code="c">Nust</subfield>
  </datafield>
  <datafield tag="082" ind1=" " ind2=" ">
    <subfield code="a">621.38132,ADV</subfield>
  </datafield>
  <datafield tag="100" ind1=" " ind2=" ">
    <subfield code="a">Gerald A. Walker</subfield>
    <subfield code="9">103499</subfield>
  </datafield>
  <datafield tag="245" ind1=" " ind2=" ">
    <subfield code="a">Advances in electronic circuit packaging Vol-2 /</subfield>
    <subfield code="c">Gerald A. Walker</subfield>
  </datafield>
  <datafield tag="260" ind1=" " ind2=" ">
    <subfield code="a">New York </subfield>
    <subfield code="b">Englewood, Colo., Rogers</subfield>
    <subfield code="c">1962</subfield>
  </datafield>
  <datafield tag="300" ind1=" " ind2=" ">
    <subfield code="a">381 p</subfield>
  </datafield>
  <datafield tag="505" ind1=" " ind2=" ">
    <subfield code="a">Materials for Electronic Packaging (Page-1), Controlling the Mechanical Response of Printed Circuits Boards (Page-21), A Low Density Potting Compound (Page-35), An Effective use of Castings in a Lightweight (Page-52), Heat Sinks and Encapsulates for Volumetric Packing (Page-61), Potting Problems Related to Packing Design (Page-77), Packing of Semiconductor Networks (Page-91),Theremal packing for Transient Operation (Page-104), Formulation and Solution of the Circuit Card Design Problems (Page-121), Maintainable Electronic Component Assemblies (Page-143), Electronic Packing (Page-166), Packing of a Telemeter to Withstand (Page-181),</subfield>
  </datafield>
  <datafield tag="942" ind1=" " ind2=" ">
    <subfield code="2">ddc</subfield>
    <subfield code="c">BK</subfield>
  </datafield>
  <datafield tag="999" ind1=" " ind2=" ">
    <subfield code="c">194129</subfield>
    <subfield code="d">194129</subfield>
  </datafield>
  <datafield tag="952" ind1=" " ind2=" ">
    <subfield code="0">0</subfield>
    <subfield code="1">0</subfield>
    <subfield code="2">ddc</subfield>
    <subfield code="4">0</subfield>
    <subfield code="7">0</subfield>
    <subfield code="a">MCS</subfield>
    <subfield code="b">MCS</subfield>
    <subfield code="c">GEN</subfield>
    <subfield code="d">2016-12-12</subfield>
    <subfield code="o">621.38132,ADV</subfield>
    <subfield code="p">MCS5505</subfield>
    <subfield code="r">2016-12-08</subfield>
    <subfield code="w">2016-12-12</subfield>
    <subfield code="y">BK</subfield>
    <subfield code="z">Almirah No.32, Shelf No.3</subfield>
  </datafield>
  <datafield tag="952" ind1=" " ind2=" ">
    <subfield code="0">0</subfield>
    <subfield code="1">0</subfield>
    <subfield code="2">ddc</subfield>
    <subfield code="4">0</subfield>
    <subfield code="7">0</subfield>
    <subfield code="a">MCS</subfield>
    <subfield code="b">MCS</subfield>
    <subfield code="c">GEN</subfield>
    <subfield code="d">2022-11-24</subfield>
    <subfield code="l">0</subfield>
    <subfield code="o">621.38132,ADV</subfield>
    <subfield code="p">MCS6473</subfield>
    <subfield code="r">2022-11-24</subfield>
    <subfield code="w">2022-11-24</subfield>
    <subfield code="y">BK</subfield>
    <subfield code="z">Almirah No.32, Shelf No.3</subfield>
  </datafield>
</record>
